| 000 | 00445nam a2200157Ia 4500 | ||
|---|---|---|---|
| 008 | 230718s9999 xx 000 0 und d | ||
| 041 | _aeng | ||
| 082 |
_a627 _bROB |
||
| 100 | _aRoberson J.A. | ||
| 245 | _aHydraulic Engineeering | ||
| 260 |
_c1998 _bJaico Publishing House |
||
| 300 | _a662 | ||
| 365 |
_cRs. _b550.00 |
||
| 700 |
_aRoberson J.A.; Cassidy J.J. & Chaydhry H. _9190829 |
||
| 906 |
_dO:0035227-Oct-2009B:47822-Sep-2009 _cMECH _b110 |
||
| 999 |
_c322976 _d322976 |
||